| Tag |
First Indicator |
Second Indicator |
Subfields |
| LEADER |
00000cam a2200000 4500 |
| 001 |
in00000037133 |
| 005 |
20151007072221.0 |
| 008 |
760315s1959 paua 00000 eng |
| 010 |
|
|
|a 58009294
|
| 035 |
|
|
|a (OCoLC)02049711
|
| 035 |
|
|
|9 AAE7463AM
|
| 040 |
|
|
|a DLC
|c CSU
|d TXA
|d UtOrBLW
|
| 049 |
|
|
|a TXAM
|c [362280]
|
| 050 |
0 |
0 |
|a TK7815
|b .A56
|
| 082 |
0 |
|
|a 621.3815
|
| 092 |
|
|
|a 621.3815
|b A611p, 1959
|
| 100 |
1 |
|
|a Ankrum, Paul Denzil.
|
| 245 |
1 |
0 |
|a Principles and applications of electron devices.
|
| 264 |
|
1 |
|a Scranton :
|b International Textbook Co.,
|c [1959]
|
| 300 |
|
|
|a 667 pages :
|b illustrations ;
|c 24 cm.
|
| 336 |
|
|
|a text
|b txt
|2 rdacontent
|
| 337 |
|
|
|a unmediated
|b n
|2 rdamedia
|
| 338 |
|
|
|a volume
|b nc
|2 rdacarrier
|
| 650 |
|
0 |
|a Electronics.
|
| 740 |
0 |
|
|a Electron devices.
|
| 999 |
|
|
|a MARS
|
| 999 |
f |
f |
|s 32a7e700-899b-3058-9a92-e7a2ee79d380
|i f4bc93cc-3782-381d-a275-f44ab29eaecd
|t 0
|
| 952 |
f |
f |
|p ric
|a Texas A&M University
|b Rellis Campus
|c Joint Library Facility
|d Remote Storage
|t 0
|e TK7815 .A56
|h Library of Congress classification
|i unmediated -- volume
|m A14801037510
|
| 998 |
f |
f |
|a TK7815 .A56
|t 0
|l Remote Storage
|